[Event "16eme open Louviers"]
[Site "?"]
[Date "2013.05.10"]
[Round "5"]
[White "Voegele, Francois-Marie"]
[Black "Vieren-Hamelet, Richard"]
[Result "1-0"]
[WhiteElo "1090"]
[BlackElo "1080"]
[PlyCount "121"]
[EventDate "2012.05.13"]
[SourceDate "2013.05.19"]

1. f4 d5 2. e3 Nc6 3. Nc3 Bf5 4. Nf3 f6 5. Be2 e5 6. fxe5 fxe5 7. O-O Bc5 8. d3
d4 9. exd4 exd4 10. Ne4 Bb6 11. Bd2 Nf6 12. Nxf6+ Qxf6 13. Re1 O-O-O 14. Rc1
Rhe8 15. Bf1 Ne5 16. Nxe5 Rxe5 17. Rxe5 Qxe5 18. Qf3 Bc5 19. a4 Bd6 20. Bf4 Qa5
21. Ra1 Re8 22. Bxd6 cxd6 23. b3 Bg6 24. Qg3 Rd8 25. Re1 a6 26. Re7 Kb8 27.
Rxg7 Qe5 28. Qxe5 dxe5 29. Re7 Rc8 30. c4 a5 31. Rxe5 b6 32. Rd5 b5 33. Rxb5+
Ka7 34. Re5 Re8 35. Rxe8 Bxe8 36. Kf2 Bh5 37. Be2 Bg6 38. Kg3 Bf5 39. Kf4 Bd7
40. Ke5 Bc6 41. g3 h6 42. Kxd4 Bg2 43. Kc5 Bh1 44. b4 axb4 45. Kxb4 Bc6 46. c5
Bh1 47. d4 Ka8 48. a5 Be4 49. Kb5 Kb7 50. Bc4 Bc6+ 51. Kb4 h5 52. d5 Be8 53. d6
Kc8 54. Bd5 Kb8 55. c6 Kc8 56. Kc5 Kb8 57. d7 Kc7 58. dxe8=Q h4 59. Qe7+ Kb8
60. Kb6 Kc8 61. Qf8# 1-0

[Event "16eme open Louviers"]
[Site "?"]
[Date "2013.05.11"]
[Round "6"]
[White "Boizante, Yvain"]
[Black "Andrieu, Philippe"]
[Result "1-0"]
[WhiteElo "2201"]
[BlackElo "1898"]
[PlyCount "53"]
[EventDate "2012.05.13"]
[SourceDate "2013.05.19"]

1. e4 c5 2. Nf3 b6 3. c4 Bb7 4. Nc3 g6 5. d4 cxd4 6. Nxd4 Bg7 7. Be3 a6 8. Be2
e6 9. O-O Qc7 10. f4 Nf6 11. Qd3 d6 12. Bf3 O-O 13. Rac1 Nbd7 14. b4 Rfd8 15.
g4 Ne5 16. fxe5 dxe5 17. Nd5 exd5 18. cxd5 Qd7 19. g5 Nxd5 20. exd5 exd4 21.
Bxd4 Qe7 22. Bxg7 Qxg5+ 23. Kh1 Kxg7 24. Rc7 Rxd5 25. Qc3+ Kh6 26. Rxf7 Re5 27.
Bxb7 1-0

[Event "16eme open Louviers"]
[Site "?"]
[Date "2013.05.11"]
[Round "6"]
[White "Vigneron, Frederic"]
[Black "Blondel, Jerome"]
[Result "0-1"]
[WhiteElo "1923"]
[BlackElo "1936"]
[PlyCount "76"]
[EventDate "2012.05.13"]
[SourceDate "2013.05.19"]

1. d4 d5 2. c4 c6 3. Nf3 Nf6 4. cxd5 cxd5 5. Bf4 Nc6 6. e3 Qb6 7. Nc3 Bg4 8.
Be2 e6 9. O-O Nh5 10. Bg5 Bxf3 11. Bxf3 h6 12. Bh4 Nf6 13. Bg3 Qxb2 14. Qd3 Bb4
15. Nb5 O-O 16. Rfb1 Qd2 17. Qb3 Ba5 18. a3 Bd8 19. Bc7 Bxc7 20. Nxc7 Rab8 21.
Nb5 Qa5 22. Nc3 Qc7 23. Nb5 Qa5 24. Nc3 Rfc8 25. Rc1 Qd8 26. Rab1 Na5 27. Qa4
Rc4 28. Rb4 Rbc8 29. Rxc4 Rxc4 30. Qd1 Qc7 31. Na2 Rxc1 32. Nxc1 Nc4 33. Nd3
Nxa3 34. Ne5 Qc2 35. Kf1 Qxd1+ 36. Bxd1 Nc4 37. Ke2 Nxe5 38. dxe5 Nd7 0-1

[Event "16eme open Louviers"]
[Site "?"]
[Date "2013.05.11"]
[Round "6"]
[White "Levesque, Thomas"]
[Black "Deheij, Gerrit"]
[Result "1-0"]
[WhiteElo "1989"]
[BlackElo "1720"]
[PlyCount "53"]
[EventDate "2012.05.13"]
[SourceDate "2013.05.19"]

1. d4 Nf6 2. c4 g6 3. Nc3 Bg7 4. e4 d6 5. f4 O-O 6. Nf3 c5 7. d5 e6 8. dxe6
fxe6 9. Bd3 a6 10. a4 Nc6 11. O-O Nh5 12. Ne2 b6 13. g4 Nf6 14. h3 Ne7 15. Ng3
d5 16. e5 Ne8 17. Qc2 Nc6 18. Bxg6 hxg6 19. Qxg6 Ne7 20. Qh5 Nf6 21. exf6 Rxf6
22. g5 Rg6 23. Nh4 dxc4 24. Nxg6 Nxg6 25. Qxg6 Bb7 26. Nh5 Qd4+ 27. Kh2 1-0

[Event "16eme open Louviers"]
[Site "?"]
[Date "2013.05.11"]
[Round "6"]
[White "Chalmeton, Guillaume"]
[Black "Arinal, Serge"]
[Result "1-0"]
[WhiteElo "2077"]
[BlackElo "1636"]
[PlyCount "37"]
[EventDate "2012.05.13"]
[SourceDate "2013.05.19"]

1. c4 Nf6 2. Nc3 e6 3. e4 Bb4 4. e5 Bxc3 5. dxc3 Ng8 6. Qg4 g6 7. Bg5 f6 8.
exf6 Nxf6 9. Qh4 O-O 10. Nf3 d6 11. O-O-O Nbd7 12. Bd3 Qe8 13. Bh6 Nc5 14. Bxf8
Nxd3+ 15. Rxd3 Qxf8 16. Rhd1 e5 17. Ng5 Bf5 18. Rg3 Nh5 19. Qxh5 1-0

[Event "16eme open Louviers"]
[Site "?"]
[Date "2013.05.11"]
[Round "6"]
[White "Rousselin, Marc"]
[Black "Dhieux, Francky"]
[Result "0-1"]
[WhiteElo "1626"]
[BlackElo "1948"]
[PlyCount "112"]
[EventDate "2012.05.13"]
[SourceDate "2013.05.19"]

1. e4 c5 2. Nf3 d6 3. d4 cxd4 4. Nxd4 Nf6 5. Nc3 g6 6. Be3 Bg7 7. f3 O-O 8. Qd2
Nc6 9. Bc4 Bd7 10. Bb3 Rc8 11. O-O-O Ne5 12. h4 Nc4 13. Bxc4 Rxc4 14. h5 Nxh5
15. g4 Nf6 16. Kb1 Bxg4 17. fxg4 Nxg4 18. Qe2 Nxe3 19. Qxe3 h5 20. Nde2 Qa5 21.
Rd5 Qa6 22. Rhd1 Rfc8 23. R5d3 b5 24. Nd4 b4 25. Nce2 Qb7 26. c3 a5 27. cxb4
Rxb4 28. Rb3 Rcc4 29. Qd3 Rxb3 30. Qxb3 Qxe4+ 31. Qd3 Qxd3+ 32. Rxd3 e5 33. Nb5
Rb4 34. Nxd6 e4 35. Rd2 f5 36. Rc2 Kh7 37. b3 a4 38. Rc4 Rb6 39. Nc8 Rb8 40. b4
a3 41. Kc2 h4 42. Nf4 Be5 43. Nh3 Kh6 44. Kb3 Kh5 45. Ne7 Rd8 46. Nf2 e3 47.
Nh1 Rd1 48. Kxa3 Rxh1 49. Rc2 h3 50. Nd5 f4 51. b5 Rd1 52. Nb4 Kg4 53. b6 f3
54. b7 e2 55. Rc4+ Kg3 56. Nc2 h2 0-1

[Event "16eme open Louviers"]
[Site "?"]
[Date "2013.05.11"]
[Round "6"]
[White "Houriez, Philippe"]
[Black "Guillaumat, Jean-Pierre"]
[Result "0-1"]
[WhiteElo "1616"]
[BlackElo "1848"]
[PlyCount "56"]
[EventDate "2012.05.13"]
[SourceDate "2013.05.19"]

1. c4 c5 2. Nc3 Nf6 3. g3 Nc6 4. Bg2 e6 5. Nf3 d5 6. cxd5 exd5 7. d4 Be6 8. Bf4
Qb6 9. Na4 Qb4+ 10. Bd2 Qb5 11. dxc5 Bxc5 12. Nxc5 Qxc5 13. Bc3 Ne4 14. O-O
Nxc3 15. bxc3 Qxc3 16. Qa4 O-O 17. e3 Qc4 18. Qa3 Rab8 19. Rfc1 Qb4 20. Qd3 h6
21. Rab1 Qe7 22. a3 Rfd8 23. Nd4 Nxd4 24. Qxd4 b6 25. Rc3 Qf6 26. Qxf6 gxf6 27.
Rd1 Rd7 28. Bxd5 Rxd5 0-1

[Event "16eme open Louviers"]
[Site "?"]
[Date "2013.05.11"]
[Round "6"]
[White "Jolly, Hugo"]
[Black "Roche, Jan-Francois"]
[Result "1-0"]
[WhiteElo "1520"]
[BlackElo "1610"]
[PlyCount "67"]
[EventDate "2012.05.13"]
[SourceDate "2013.05.19"]

1. e4 Nf6 2. Nc3 d5 3. exd5 Nxd5 4. d4 Bf5 5. Bc4 Nb4 6. Bb3 N8c6 7. a3 Na6 8.
Nf3 Bg4 9. Qd3 Qd7 10. Ne5 Nxe5 11. dxe5 Qxd3 12. cxd3 Nc5 13. Bc4 Bf5 14. d4
Nd3+ 15. Ke2 Nf4+ 16. Bxf4 e6 17. Nb5 O-O-O 18. Nxa7+ Kb8 19. Nb5 Be4 20. f3
Bc6 21. Rhd1 Be7 22. a4 h5 23. a5 Bxb5 24. Bxb5 g5 25. Be3 g4 26. a6 b6 27. a7+
Kb7 28. Rdc1 c5 29. dxc5 bxc5 30. Bd3 gxf3+ 31. gxf3 Rhg8 32. Be4+ Kb6 33. a8=Q
Rg2+ 34. Kf1 1-0

[Event "16eme open Louviers"]
[Site "?"]
[Date "2013.05.11"]
[Round "6"]
[White "Berrou, Andre"]
[Black "Jolly, Arthur"]
[Result "1/2-1/2"]
[WhiteElo "1794"]
[BlackElo "1420"]
[PlyCount "70"]
[EventDate "2012.05.13"]
[SourceDate "2013.05.19"]

1. e4 c5 2. d4 cxd4 3. Qxd4 Nc6 4. Qa4 g6 5. c3 Bg7 6. Nf3 Nf6 7. Bd3 O-O 8.
O-O d6 9. h3 Bd7 10. Qc2 Qc8 11. Kh1 Bxh3 12. gxh3 Qxh3+ 13. Nh2 Ng4 14. f3 Be5
15. Qg2 Qxh2+ 16. Qxh2 Nxh2 17. Rf2 f5 18. exf5 gxf5 19. Rxh2 Bxh2 20. Kxh2 Ne5
21. Be2 Ng6 22. Bh6 Rf6 23. Bg5 Rff8 24. Bc4+ Kg7 25. Nd2 h6 26. Be3 b6 27. Rg1
Kf6 28. f4 e5 29. fxe5+ dxe5 30. Rf1 f4 31. Ne4+ Kf5 32. Nd6+ Kf6 33. Ne4+ Kf5
34. Nd6+ Kf6 35. Ne4+ Kf5 1/2-1/2

[Event "16eme open Louviers"]
[Site "?"]
[Date "2013.05.11"]
[Round "6"]
[White "Bonte, Gerard"]
[Black "Voegele, Francois-Marie"]
[Result "1-0"]
[WhiteElo "1420"]
[BlackElo "1090"]
[PlyCount "78"]
[EventDate "2012.05.13"]
[SourceDate "2013.05.19"]

1. c4 c5 2. Nf3 Nf6 3. Nc3 e6 4. d4 cxd4 5. Nxd4 Nc6 6. Nb3 Be7 7. g3 O-O 8.
Bg2 a6 9. O-O d6 10. a3 Qc7 11. Nd2 Bd7 12. b4 Rad8 13. Bb2 Rfe8 14. e3 e5 15.
Rc1 Rc8 16. Nd5 Nxd5 17. cxd5 Qb8 18. dxc6 bxc6 19. Qe2 Qa7 20. Rc2 Rc7 21.
Rfc1 Rec8 22. Kh1 Bf6 23. Nc4 Be7 24. Na5 Qb6 25. Bf1 Ra8 26. f4 exf4 27. exf4
Bf6 28. Bxf6 gxf6 29. Qd3 d5 30. Bg2 Rac8 31. h3 Kg7 32. Nb3 Be6 33. Qd4 Qb5
34. Nc5 Qb6 35. Nxe6+ fxe6 36. Qxb6 Kf8 37. Rxc6 Rxc6 38. Rxc6 Re8 39. Rxe6 Kf7
1-0

[Event "16eme open Louviers"]
[Site "?"]
[Date "2013.05.11"]
[Round "6"]
[White "Vieren-Hamelet, Richard"]
[Black "Blondel, Jean-Michel"]
[Result "0-1"]
[WhiteElo "1080"]
[BlackElo "1541"]
[PlyCount "70"]
[EventDate "2012.05.13"]
[SourceDate "2013.05.19"]

1. Nf3 d6 2. c4 Nc6 3. Nc3 Nf6 4. d4 e6 5. Bf4 Be7 6. e4 Nxd4 7. Nxd4 e5 8. Be3
exd4 9. Bxd4 O-O 10. Bd3 c5 11. Be3 Re8 12. O-O a6 13. Nd5 Nxd5 14. exd5 Bf6
15. Rb1 a5 16. a4 Qb6 17. Re1 Bd7 18. Re2 Re7 19. Qc1 Rae8 20. h3 Bxa4 21. Bg5
Rxe2 22. Bxe2 Bxg5 23. Qxg5 Rxe2 24. Qc1 Qb3 25. Qf1 Qxc4 26. Re1 Bb5 27. Rxe2
Qxe2 28. Qxe2 Bxe2 29. g4 Bf3 30. Kh2 Bxd5 31. f4 b5 32. h4 b4 33. g5 c4 34. f5
c3 35. h5 c2 0-1

[Event "16eme open Louviers"]
[Site "?"]
[Date "2013.05.11"]
[Round "6"]
[White "Varigault, Nicole"]
[Black "Pïneau, Patrick"]
[Result "0-1"]
[WhiteElo "1190"]
[BlackElo "1397"]
[PlyCount "104"]
[EventDate "2012.05.13"]
[SourceDate "2013.05.19"]

1. e4 c5 2. Nf3 d6 3. Bb5+ Bd7 4. Nc3 Nf6 5. d3 e5 6. Bg5 Be7 7. O-O Nc6 8. a3
a6 9. Bc4 O-O 10. Bxf6 Bxf6 11. Nd5 Be6 12. c3 b5 13. Nxf6+ Qxf6 14. Bd5 Bxd5
15. exd5 Ne7 16. c4 b4 17. h3 h6 18. Nh2 Nf5 19. Ng4 Qg5 20. Qe1 Nd4 21. Qe3
Qg6 22. Rac1 f5 23. Nh2 f4 24. Qe4 Qxe4 25. dxe4 Ne2+ 26. Kh1 Nxc1 27. Rxc1 g5
28. axb4 Rab8 29. Ng4 Kg7 30. bxc5 h5 31. Nh2 dxc5 32. Rc2 Rb3 33. Nf3 Kf6 34.
h4 gxh4 35. Nxh4 Rfb8 36. d6 Rxb2 37. Rxb2 Rxb2 38. Nf5 a5 39. Ne7 Ke6 40. Nd5
Kxd6 41. Nc3 Rc2 42. Nb5+ Kc6 43. Na3 Rc3 44. Nb1 Rc1+ 45. Kh2 Rxb1 46. f3 Rb8
47. Kh3 Rh8 48. g4 fxg3 49. Kxg3 a4 50. f4 exf4+ 51. Kxf4 a3 52. e5 a2 0-1

[Event "16eme open Louviers"]
[Site "?"]
[Date "2013.05.11"]
[Round "7"]
[White "Guillaumat, Jean-Pierre"]
[Black "Boizante, Yvain"]
[Result "1/2-1/2"]
[WhiteElo "1848"]
[BlackElo "2201"]
[PlyCount "70"]
[EventDate "2012.05.13"]
[SourceDate "2013.05.19"]

1. d4 Nf6 2. Nf3 g6 3. c4 c5 4. g3 cxd4 5. Bg2 Bg7 6. O-O Nc6 7. Nxd4 O-O 8.
Nxc6 bxc6 9. Nc3 Rb8 10. Qc2 Qc7 11. e4 d6 12. b3 Be6 13. Bb2 d5 14. c5 Qa5 15.
Na4 dxe4 16. Bxe4 Nxe4 17. Bxg7 Kxg7 18. Qxe4 Bd5 19. Qe3 Kg8 20. Rfe1 e6 21.
Rac1 Qb4 22. h3 {(=)} h5 23. Qc3 h4 24. Re3 hxg3 25. fxg3 Rfd8 26. Rd1 Qxc3 27.
Nxc3 Kf8 28. Rd4 Ke7 29. Kf2 f6 30. Red3 Rh8 31. g4 Rb7 32. Re3 Kf7 33. Ne4
Bxe4 34. Rdxe4 Re7 35. Rd4 e5 1/2-1/2

[Event "16eme open Louviers"]
[Site "?"]
[Date "2013.05.11"]
[Round "7"]
[White "Blondel, Jerome"]
[Black "Levesque, Thomas"]
[Result "0-1"]
[WhiteElo "1936"]
[BlackElo "1989"]
[PlyCount "78"]
[EventDate "2012.05.13"]
[SourceDate "2013.05.19"]

1. Nf3 Nf6 2. d4 g6 3. e3 Bg7 4. Bd3 d6 5. O-O O-O 6. c4 c6 7. Nc3 Bg4 8. e4
Nbd7 9. Be3 e5 10. d5 h6 11. b4 Qe7 12. a4 Nh5 13. h3 Bxf3 14. Qxf3 Nf4 15. Bc2
f5 16. Kh2 cxd5 17. Nxd5 Nxd5 18. cxd5 Rac8 19. Qe2 a6 20. f3 f4 21. Bf2 Bf6
22. Bd3 Bh4 23. Bg1 {(=)} Bg3+ 24. Kh1 g5 25. Rfc1 Nf6 26. Bb6 h5 27. Bf2 Bxf2
28. Qxf2 g4 29. Be2 Qf7 30. Qb6 Qd7 31. fxg4 Nxe4 32. Kg1 Ng3 33. Bd1 e4 34.
Rxc8 Rxc8 35. gxh5 Qg7 36. Rb1 f3 37. Qxd6 Ne2+ 38. Kf2 Qxg2+ 39. Ke3 Rc3+ 0-1

[Event "16eme open Louviers"]
[Site "?"]
[Date "2013.05.11"]
[Round "7"]
[White "Dhieux, Francky"]
[Black "Chalmeton, Guillaume"]
[Result "0-1"]
[WhiteElo "1948"]
[BlackElo "2077"]
[PlyCount "44"]
[EventDate "2012.05.13"]
[SourceDate "2013.05.19"]

1. d4 d5 2. c4 e5 3. dxe5 d4 4. Nf3 Nc6 5. a3 a5 6. Nbd2 Bg4 7. g3 f6 8. exf6
Nxf6 9. Bg2 Qd7 10. h3 Bf5 11. g4 Bg6 12. Nh4 Bf7 13. Qa4 g6 14. b4 Bg7 15. b5
Nd8 16. Bb2 O-O 17. O-O Ne6 18. Nb3 Nf4 19. Rfe1 Nxg4 20. Nc5 Qe7 21. Nxb7 Qxh4
22. hxg4 Qxg4 0-1

[Event "16eme open Louviers"]
[Site "?"]
[Date "2013.05.11"]
[Round "7"]
[White "Andrieu, Philippe"]
[Black "Vigneron, Frederic"]
[Result "1-0"]
[WhiteElo "1898"]
[BlackElo "1923"]
[PlyCount "111"]
[EventDate "2012.05.13"]
[SourceDate "2013.05.19"]

1. c4 e5 2. Nc3 Nf6 3. g3 Bb4 4. Bg2 Bxc3 5. dxc3 h6 6. Qc2 O-O 7. Nf3 Nc6 8.
O-O d6 9. Nh4 Be6 10. b3 Qd7 11. e4 Bh3 12. Nf5 Bxg2 13. Kxg2 Ne7 14. Ne3 Ng6
15. Rd1 b6 16. f3 a5 17. a4 Ne7 18. Ba3 Nh7 19. Ng4 Qe6 20. Rd2 f5 21. Nf2 Nf6
22. Rad1 fxe4 23. Nxe4 Nh5 24. Nxd6 cxd6 25. Rxd6 Qf7 26. Qe2 Ng6 27. Qe4 Nf6
28. Qe3 e4 29. fxe4 Ng4 30. Qe2 Nf4+ 31. gxf4 Qxf4 32. Kg1 Ne3 33. Re1 Qg5+ 34.
Kh1 Ng4 35. Rf1 Rxf1+ 36. Qxf1 Rf8 37. Qxf8+ Kxf8 38. Rg6+ Kf7 39. Rxg5 hxg5
40. Bd6 Nf2+ 41. Kg2 Nxe4 42. Bc7 Nc5 43. Bxb6 Nxb3 44. Bd4 g6 45. Kg3 Nd2 46.
c5 Ke6 47. Kg4 Ne4 48. c4 Nd2 49. Bc3 Nxc4 50. Kxg5 Kf7 51. c6 Ke6 52. Kxg6 Kd6
53. h4 Ne3 54. Bxa5 Kxc6 55. Bd2 Nf1 56. Bf4 1-0

[Event "16eme open Louviers"]
[Site "?"]
[Date "2013.05.11"]
[Round "7"]
[White "Deheij, Gerrit"]
[Black "Rousselin, Marc"]
[Result "0-1"]
[WhiteElo "1720"]
[BlackElo "1626"]
[PlyCount "70"]
[EventDate "2012.05.13"]
[SourceDate "2013.05.19"]

1. d4 d5 2. c4 c6 3. cxd5 cxd5 4. Bf4 Nc6 5. e3 Nf6 6. Nc3 Bf5 7. Bb5 e6 8. Nf3
Rc8 9. Qa4 Qb6 10. O-O Be7 11. Ne5 O-O 12. Rfc1 Nxe5 13. Bxe5 Rfd8 14. Qd1 a6
15. Bd3 Bxd3 16. Qxd3 Qa5 17. a3 b5 18. b4 Qb6 19. Ra2 Rc4 20. f3 Rdc8 21. g4
Qc6 22. Rac2 a5 23. Bg3 axb4 24. axb4 Bxb4 25. Be1 Be7 26. Ra2 b4 27. Rca1 bxc3
28. Ra6 Qe8 29. Qc2 h6 30. h4 Rb8 31. Qc1 c2 32. R6a5 Qc8 33. Bd2 Qb7 34. Ra7
Qb2 35. Rxe7 Qxa1 0-1

[Event "16eme open Louviers"]
[Site "?"]
[Date "2013.05.11"]
[Round "7"]
[White "Arinal, Serge"]
[Black "Jolly, Hugo"]
[Result "1/2-1/2"]
[WhiteElo "1636"]
[BlackElo "1520"]
[PlyCount "82"]
[EventDate "2012.05.13"]
[SourceDate "2013.05.19"]

1. Nf3 c5 2. g3 Nc6 3. Bg2 d5 4. b3 Nf6 5. Bb2 Bf5 6. d3 e6 7. Nh4 Bg6 8. Nxg6
fxg6 9. Nd2 Bd6 10. e4 O-O 11. O-O Be5 12. c3 Rb8 13. Nf3 Bc7 14. Ba3 b6 15.
Qc2 d4 16. Ng5 Qd7 17. Rad1 h6 18. Nf3 Rf7 19. Rfe1 e5 20. Bc1 Rbf8 21. Nh4 Kh7
22. Rf1 dxc3 23. Qxc3 Nd4 24. Qd2 Ng4 25. f3 Nf6 26. Qe3 g5 27. Nf5 Nxf5 28.
exf5 Qxf5 29. Bb2 Nd5 30. Qe2 Nb4 31. f4 Kh8 32. Be4 Qe6 33. fxg5 Rxf1+ 34.
Rxf1 Rxf1+ 35. Qxf1 Bd8 36. Qf8+ Qg8 37. Qf5 Bxg5 38. Bxe5 Nxa2 39. Bb2 Nc1 40.
Bd5 Qe8 41. Be4 Qg8 1/2-1/2

[Event "16eme open Louviers"]
[Site "?"]
[Date "2013.05.11"]
[Round "7"]
[White "Jolly, Arthur"]
[Black "Roche, Jan-Francois"]
[Result "1-0"]
[WhiteElo "1440"]
[BlackElo "1610"]
[PlyCount "61"]
[EventDate "2012.05.13"]
[SourceDate "2013.05.19"]

1. c4 f5 2. Nc3 Nf6 3. g3 g6 4. Bg2 Bg7 5. e3 d6 6. Nge2 c6 7. O-O O-O 8. Qb3
Na6 9. d4 Rb8 10. Nf4 Nc7 11. Bxc6 e5 12. Nfd5 Ncxd5 13. Nxd5 exd4 14. exd4 Kh8
15. Nxf6 Qxf6 16. Rd1 b6 17. c5 Be6 18. Qa3 bxc5 19. dxc5 dxc5 20. Qxa7 Rbc8
21. Qxc5 Rf7 22. Qb5 Bf8 23. Bd5 Rd8 24. Bg5 Qxg5 25. Bxe6 Rxd1+ 26. Rxd1 Rf6
27. Qe5 Kg7 28. h4 Qg4 29. Rd7+ Kh6 30. Qxf6 Be7 31. Qxe7 1-0

[Event "16eme open Louviers"]
[Site "?"]
[Date "2013.05.11"]
[Round "7"]
[White "Vieren-Hamelet, Richard"]
[Black "Houriez, Philippe"]
[Result "0-1"]
[WhiteElo "1080"]
[BlackElo "1616"]
[PlyCount "70"]
[EventDate "2012.05.13"]
[SourceDate "2013.05.19"]

1. Nf3 d5 2. d4 Nf6 3. Nc3 e6 4. Bf4 Bd6 5. e3 O-O 6. Bd3 b6 7. O-O Bb7 8. Re1
Nbd7 9. Bxd6 cxd6 10. Nb5 Qb8 11. Ng5 e5 12. c3 h6 13. Nf3 e4 14. Bc2 exf3 15.
Qxf3 a6 16. Na3 Ne4 17. Nb1 Ndf6 18. Bxe4 dxe4 19. Qf4 d5 20. Qxb8 Raxb8 21. b4
Rbc8 22. h3 Ne8 23. Nd2 Rxc3 24. Rac1 Rxc1 25. Rxc1 Nd6 26. a4 Rc8 27. Rxc8+
Bxc8 28. Nb3 Nc4 29. Kf1 Bd7 30. a5 bxa5 31. bxa5 Bb5 32. f4 Nd2+ 33. Kf2 Nxb3
34. g4 Nxa5 35. h4 Nc4 0-1

[Event "16eme open Louviers"]
[Site "?"]
[Date "2013.05.11"]
[Round "7"]
[White "Pineau, Patrick"]
[Black "Blondel, Jean-Michel"]
[Result "0-1"]
[WhiteElo "1397"]
[BlackElo "1541"]
[PlyCount "116"]
[EventDate "2012.05.13"]
[SourceDate "2013.05.19"]

1. e4 e5 2. Nf3 d6 3. Bb5+ Bd7 4. Be2 Nf6 5. O-O Nxe4 6. Re1 Nf6 7. d4 e4 8.
Bc4 d5 9. Bb3 Be7 10. Nfd2 O-O 11. c3 c6 12. h3 Be6 13. Nf1 Nbd7 14. Ng3 Re8
15. Nd2 Bd6 16. Ndf1 h6 17. Ne3 Qc7 18. Nh5 Nxh5 19. Qxh5 Nf6 20. Qd1 Bd7 21.
c4 Be6 22. cxd5 Nxd5 23. Nxd5 Bxd5 24. Bxd5 cxd5 25. Be3 Qd7 26. Kh1 Be7 27.
Qd2 Qb5 28. a3 Qc6 29. Rac1 Qe6 30. Rc7 b5 31. Rec1 a6 32. R7c6 Qf5 33. Rb6
Rec8 34. Rcc6 Rxc6 35. Rxc6 Qd7 36. Qc2 Bd8 37. Bf4 f5 38. Rd6 Qc7 39. Qb3 Qc4
40. Qxc4 dxc4 41. Rc6 Bf6 42. Be5 Bxe5 43. dxe5 Kf7 44. h4 Re8 45. Rxa6 Rxe5
46. Ra7+ Kf6 47. Ra6+ Re6 48. Ra5 Rb6 49. Ra8 Kg6 50. Rf8 b4 51. axb4 Rxb4 52.
Rc8 Rxb2 53. Rxc4 Rxf2 54. Rc3 Kh5 55. g3 Rf3 56. Rxf3 exf3 57. Kg1 Kg4 58. Kf2
h5 0-1

[Event "16eme open Louviers"]
[Site "?"]
[Date "2013.05.11"]
[Round "7"]
[White "Grenet, Dominique"]
[Black "Varigault, Nicole"]
[Result "1-0"]
[WhiteElo "1489"]
[BlackElo "1190"]
[PlyCount "143"]
[EventDate "2012.05.13"]
[SourceDate "2013.05.19"]

1. e4 e5 2. Nf3 Nc6 3. d4 Bd6 4. d5 Nce7 5. Bg5 h6 6. Be3 Nf6 7. Nc3 a6 8. a3
Ng4 9. Nh4 Nxe3 10. fxe3 O-O 11. Bd3 b5 12. b4 Bb7 13. O-O c6 14. Qg4 Qe8 15.
Rf6 Ng6 16. Rxd6 Qe7 17. Nf5 Qd8 18. h4 Kh7 19. Rf1 Rg8 20. h5 Ne7 21. Qg3 f6
22. Nxe7 Qxe7 23. Qg6+ Kh8 24. Rxc6 dxc6 25. dxc6 Bxc6 26. Nd5 Qe8 27. Qf5 Rb8
28. Be2 Qd7 29. Qf3 Rbf8 30. Qf5 Qxf5 31. Rxf5 Bxd5 32. exd5 Rd8 33. e4 Rd6 34.
Rf1 Rc8 35. Bd3 Rc3 36. Ra1 Rc7 37. Kf2 Kh7 38. g4 g6 39. a4 bxa4 40. c4 a3 41.
Rxa3 Rb7 42. Ra4 gxh5 43. gxh5 Rg7 44. c5 Rd8 45. Rxa6 Rf7 46. Bc4 Kg7 47. d6
Rfd7 48. Be6 Rb7 49. Ra4 Kf8 50. Ke3 Re8 51. Bd5 Rbb8 52. Kd3 Red8 53. Kc4 Ke8
54. Ra7 Kf8 55. Rf7+ Kg8 56. Rxf6+ Kg7 57. Rg6+ Kh7 58. c6 Rbc8 59. b5 Rf8 60.
Kc5 Rf4 61. Re6 Rf3 62. Re7+ Kh8 63. Rxe5 Rc3+ 64. Bc4 Rh3 65. d7 Rd8 66. Re8+
Kg7 67. Rxd8 Rxh5+ 68. Bd5 Kf6 69. Rf8+ Ke7 70. Rf7+ Kd8 71. Kd6 Rxd5+ 72. exd5
1-0

[Event "16eme open Louviers"]
[Site "?"]
[Date "2013.05.12"]
[Round "8"]
[White "Chalmeton, Guillaume"]
[Black "Boizante, Yvain"]
[Result "0-1"]
[WhiteElo "2077"]
[BlackElo "2201"]
[PlyCount "58"]
[EventDate "2012.05.13"]
[SourceDate "2013.05.19"]

1. c4 e5 2. Nc3 Nc6 3. e3 Nf6 4. a3 d5 5. cxd5 Nxd5 6. Nf3 Be7 7. Bb5 Nxc3 8.
bxc3 Bg4 9. h3 Bxf3 10. Qxf3 O-O 11. O-O Na5 12. Rb1 a6 13. Be2 c5 14. d4 Qc7
15. Qf5 Bd6 16. f4 exf4 17. e4 cxd4 18. cxd4 Qc2 19. Qxa5 Qxb1 20. e5 Qc2 21.
Bf3 Bc7 22. Qd5 Rfd8 23. Qxb7 Rab8 24. Qxa6 Rxd4 25. e6 fxe6 26. Qxe6+ Kh8 27.
Re1 Rdd8 28. Be4 Qc5+ 29. Kh1 Re8 0-1

[Event "16eme open Louviers"]
[Site "?"]
[Date "2013.05.11"]
[Round "8"]
[White "Levesque, Thomas"]
[Black "Dhieux, Francky"]
[Result "1-0"]
[WhiteElo "1989"]
[BlackElo "1948"]
[PlyCount "77"]
[EventDate "2012.05.13"]
[SourceDate "2013.05.19"]

1. d4 Nf6 2. c4 e5 3. dxe5 Ne4 4. Nf3 Bb4+ 5. Nbd2 Nxd2 6. Bxd2 Bxd2+ 7. Qxd2
Nc6 8. Qc3 O-O 9. b4 Qe7 10. b5 Nd8 11. e3 b6 12. Be2 Re8 13. O-O Bb7 14. Rfd1
Ne6 15. Ne1 Nf8 16. f4 f6 17. Bf3 Bxf3 18. Nxf3 fxe5 19. f5 d6 20. e4 Nd7 21.
Qe3 a6 22. g4 axb5 23. cxb5 Ra5 24. a4 Nc5 25. Ra3 Rea8 26. Rda1 Qf7 27. Qe2
Kh8 28. Ng5 Qe7 29. h4 h6 30. Qc4 Rxa4 31. Nf7+ Kh7 32. Rxa4 Rxa4 33. Rxa4 Nxa4
34. g5 d5 35. g6+ Kg8 36. Qxa4 Qc5+ 37. Kg2 Kf8 38. Qa8+ Ke7 39. Qd8# 1-0

[Event "16eme open Louviers"]
[Site "?"]
[Date "2013.05.12"]
[Round "8"]
[White "Andrieu, Philippe"]
[Black "Blondel, Jerome"]
[Result "1/2-1/2"]
[WhiteElo "1898"]
[BlackElo "1936"]
[PlyCount "83"]
[EventDate "2012.05.13"]
[SourceDate "2013.05.19"]

1. c4 c6 2. Nf3 Nf6 3. Nc3 d5 4. cxd5 cxd5 5. d4 Bf5 6. g3 Nc6 7. Bg2 e6 8. a3
h6 9. O-O Bd6 10. Re1 Bh7 11. h4 Ne4 12. Qb3 b6 13. Nxe4 Bxe4 14. Ne5 Bxe5 15.
dxe5 Bxg2 16. Kxg2 Nxe5 17. Bf4 Nd7 18. Rac1 O-O 19. Qe3 Qf6 20. Bd6 Rfc8 21.
Rxc8+ Rxc8 22. Rc1 Rxc1 23. Qxc1 Qd8 24. b4 Nf6 25. Bf4 Nd7 26. Qc3 g5 27. hxg5
hxg5 28. Bc1 e5 29. Qd2 Nf8 30. Qxg5+ Qxg5 31. Bxg5 Ne6 {(=)} 32. Bf6 e4 33. e3
b5 34. Kf1 Kh7 35. Ke2 Kg6 36. Be5 Kf5 37. Bb8 a6 38. Ba7 {(=)} Kg4 39. Bb6 f5
40. Bc5 Nd8 41. Bd4 Nc6 42. Bc3 1/2-1/2

[Event "16eme open Louviers"]
[Site "?"]
[Date "2013.05.12"]
[Round "8"]
[White "Rousselin, Marc"]
[Black "Guillaumat, Jean-Pierre"]
[Result "1/2-1/2"]
[WhiteElo "1626"]
[BlackElo "1848"]
[PlyCount "43"]
[EventDate "2012.05.13"]
[SourceDate "2013.05.19"]

1. e4 c5 2. Nf3 e6 3. d4 cxd4 4. Nxd4 a6 5. Nc3 Qc7 6. Bd3 Nc6 7. Nxc6 bxc6 8.
O-O Nf6 9. Kh1 e5 10. Qe2 d6 11. f4 Be7 12. fxe5 dxe5 13. h3 O-O 14. Be3 a5 15.
a3 a4 16. Rf2 Qa5 17. g4 Rb8 18. g5 Ne8 19. Bd2 Qa7 20. Be3 Qa5 21. Bd2 Qa7 22.
Be3 1/2-1/2

[Event "16eme open de Louviers"]
[Site "?"]
[Date "2013.05.12"]
[Round "8"]
[White "Vigneron, Frederic"]
[Black "Jolly, Arthur"]
[Result "1-0"]
[WhiteElo "1923"]
[BlackElo "1440"]
[PlyCount "87"]
[EventDate "2012.05.13"]
[SourceDate "2013.05.19"]

1. d4 d5 2. c4 Nf6 3. cxd5 Qxd5 4. Nc3 Qd8 5. Nf3 Nc6 6. d5 Nb4 7. Qa4+ c6 8.
Qxb4 Nxd5 9. Nxd5 Qxd5 10. e4 Qd8 11. Be2 e6 12. Qd4 Qxd4 13. Nxd4 Bb4+ 14. Bd2
Bxd2+ 15. Kxd2 O-O 16. Rhd1 e5 17. Nf3 Rd8+ 18. Ke1 Rxd1+ 19. Rxd1 Be6 20. b3
f6 21. h3 Kf7 22. Nd2 Rd8 23. Bc4 Bxc4 24. Nxc4 Rxd1+ 25. Kxd1 Ke6 26. Na5 b5
27. Nxc6 a6 28. b4 f5 29. f3 fxe4 30. fxe4 Kf6 31. Ke2 Ke6 32. Nb8 Kd6 33. Nxa6
Kc6 34. Kf3 Kd6 35. Kg4 Ke6 36. Nc7+ Kd6 37. Nxb5+ Kc6 38. Kf5 Kxb5 39. a3 Kc6
40. Kxe5 Kd7 41. Kd5 Ke7 42. e5 Kd7 43. e6+ Ke7 44. Ke5 1-0